LEADER 00793nam a2200193 i 4500 001 000000050961 003 CaOOAMICUS 005 20100120000000.0 008 100120s1966 it u000 u ita u 013 $a22132 040 $aSeMil$bita 100 1 $aConfalonieri, Carlo .$0(OLS)http://semarc/name/19068 245 10$aDecennio Aquilano 1941-1950 :$besperienze pastorali /$cCarlo Confalonieri. 260 $a[S.l.] :$bPaoline,$cstampa 1966. 300 $a358 p. , [8] c. di tav. :$bill. ;$c21 cm. 850 $aSeMil 852 $aSeMil$W1$xVenegono$y1$m2F II 222$j17116$B17116$CSeMilBibl$Z2$F17116 $81 996 $6245$aDecennio Aquilano 1941-1950 :$besperienze pastorali$9(OLS)http://semarc/title/77910 996 $6260$a[S.l.] :$bPaoline$9(OLS)http://semarc/publisher/31245 LEADER 00888nam a2200193 i 4500 001 000000060853 003 CaOOAMICUS 005 20140723000000.0 008 140723s1921 xx u000 u lat u 013 $a32025 040 $aSeMil$bita 245 10$aDe Deo Catholicam Ecclesiam Organice Vivificante, seu, de hodierna Ecclesiae Agnitione. 300 $a359 p. 650 4$aEcclesiologia.$0(OLS)http://semarc/subject/42996 700 1 $aHerbigny, Michel : de .$0(OLS)http://semarc/name/90217 773 0 $aHerbigny, Michel : de $tTheologica de Ecclesia.$bEditio secunda.$dParisiis : Gabriel Beauchesne, 1920.$g2$w()30213 850 $aSeMil 852 $aSeMil$W1$xVenegono$y1$m2K IV 73$j27006$B27006$CSeMilBibl$Z2$F27009 $81 996 $6245$aDe Deo Catholicam Ecclesiam Organice Vivificante, seu, de hodierna Ecclesiae Agnitione$9(OLS)http://semarc/title/95465